000 00681nam a2200289Ia 4500
005 20260324122722.0
008 008 260324s9999 xx 000 0 eng d
020 _a9780203802991
037 _aEBOOK
040 _aCRL
040 _beng
040 _cCRL
041 _2eng
041 _aeng
084 _qCRL
100 _aWeibing Xiao
_91167542
245 0 _aFreedom of Information Reform in China
245 0 _bInformation Flow Analysis
260 _bTaylor and Francis
260 _c2012
365 _a
365 _b150
856 _uhttp://www.taylorfrancis.com/books/9780203802991
942 _cEBOOK
999 _c1760501
_d1760501